Histoire du drapeau d'Israël - Statistiques

Statistiques générales
  • Ce quiz a été pris 119 fois
  • Le résultat moyen est 9 sur 15
Statistiques - réponses
Hint Réponse % Correct
Deuxième drapeau d'Israël (drapeau actuel depuis 1948)
91%
Premier drapeau d'Israël (1948)
87%
Quatrième drapeau de l'empire Ottoman (1844-1920)
81%
Empire romain (-64 - 395)
81%
Mandat britannique pour la Palestine (1920-1948)
74%
Royaume de Jérusalem (1099-1291)
66%
Empire Byzantin (395-661)
59%
Empire Séleucides (-305 - -64)
57%
Deuxième drapeau de l'empire Ottoman (1517-1793)
51%
Empire Achéménides (-559 - -330)
50%
Troisième drapeau de l'empire Ottoman (1793-1844)
46%
Sultanat Mamelouk (1291-1365)
43%
Califat Abbassides (750-1099)
40%
Premier drapeau de l'empire Ottoman (1516-1517)
38%
Califat Omeyyades (661-750)
34%
Aucun quiz correspondant
Distribution des résultats
% des personnes avec chaque résultat
Percentile par nombre de réponses
Votre historique - résultats
Vous n’avez pas pris ce quiz